000 00378nam a2200145Ia 4500
008 230718s9999 xx 000 0 und d
041 _aEng.
082 _a891.43
_bقرا-س
100 _aقراة العین حیدر
245 0 _aستاروں سے آگے
260 _aPakistan
_bمیدان پہلی شہر لاہو؟
_c2002
300 _a208
650 _aLaw
999 _c28772
_d28772